Central Darts Player Nicknames - Statistics

General Stats
  • This quiz has been taken 14 times
  • The average score is 13 of 16
Answer Stats
Player Nickname Answer % Correct
Le Pit Brad Aldous
100%
Blondie Emily Parsons
100%
Kirky Glenn Kirk
100%
The Dalelaurian Dale Laurie
90%
Hawt Dawg Isaac Marshall
90%
Larmy Liam Larmouth
90%
The Piranha Adam Parsons
80%
Poison Allan Barrass
80%
The Allangator Allan Whitelock
80%
Mister Wonderful Gary Straughan
70%
The Magpie Jack Welsh
70%
The One and Only Jay Crosby
70%
Christmas Peter Carroll
70%
The Intelligence Jimmie Baxter
60%
Six Shooter Marley Rhodes
50%
Doctor Death Peter Carr
50%
No matching quizzes found
Score Distribution
Percent of People with Each Score
Percentile by Number Answered
Your Score History
You have not taken this quiz